[Event "Sparkassen-Open A"]
[Site "Heusenstamm, Martinsee"]
[Date "2019.11.21"]
[Round "1.76"]
[White "Englert, Fred"]
[Black "Waffenschmidt, Joachim"]
[Result "0-1"]
[WhiteElo "1820"]
[BlackElo "2042"]
[PlyCount "92"]
[EventDate "2019.??.??"]
[WhiteTeam "SK Klingenberg"]
[BlackTeam "SV Hofheim"]

1. c4 c6 2. g3 d5 3. Bg2 Nf6 4. Nf3 g6 5. b3 Bg7 6. Bb2 O-O 7. d4 Be6 8. Nbd2
Qb6 9. O-O dxc4 10. Ba3 cxb3 11. axb3 Re8 12. Bc5 Qc7 13. Bxa7 Nbd7 14. Bc5
Nxc5 15. Rxa8 Rxa8 16. dxc5 Qa5 17. Nd4 Bg4 18. h3 Qxc5 19. Nc4 Bd7 20. e3 Nd5
21. Qd2 b5 22. Na5 Bxd4 23. exd4 Qb6 24. b4 Qc7 25. Rc1 Qd6 26. Rc5 Kg7 27. Kh2
h5 28. Qe1 h4 29. Nb7 hxg3+ 30. fxg3 Qf6 31. Qd2 Ra4 32. Bxd5 cxd5 33. Rc7 Qf5
34. Rxd7 Qxd7 35. Nc5 Qa7 36. Nxa4 bxa4 37. Qc3 a3 38. b5 a2 39. Qa1 Qa5 40. h4
f6 41. Kh3 Kf7 42. Kg4 Qa4 43. Kh3 Qb3 44. b6 Qb1 45. b7 Qxa1 46. b8=Q Qb1 0-1

[Event "Sparkassen-Open A"]
[Site "Heusenstamm, Martinsee"]
[Date "2019.11.21"]
[Round "1.77"]
[White "Rempeli, Alex"]
[Black "Merges, Harald"]
[Result "1-0"]
[WhiteElo "2076"]
[BlackElo "1817"]
[PlyCount "74"]
[EventDate "2019.??.??"]
[WhiteTeam "SF Deizisau"]
[BlackTeam "SG Reil-Kinheim"]

1. d4 Nf6 2. c4 e6 3. Nf3 b6 4. g3 Bb7 5. Bg2 Bb4+ 6. Nbd2 O-O 7. O-O d5 8.
cxd5 exd5 9. Ne5 c6 10. Qc2 Qc7 11. Ndf3 Nbd7 12. Bf4 Bd6 13. Rac1 Rfe8 14. Nd3
Ne4 15. Rfd1 Nf8 16. Nd2 Nf6 17. e3 Ne6 18. Be5 Qe7 19. a3 Ng4 20. Bxd6 Qxd6
21. b4 a5 22. Qc3 Ng5 23. Nf4 Ne6 24. Nxe6 fxe6 25. h3 Nf6 26. Rb1 axb4 27.
Rxb4 b5 28. Nf3 Nd7 29. Rdb1 Nb6 30. Ne5 Ra7 31. Bf1 Rea8 32. Bxb5 cxb5 33.
Rxb5 Na4 34. Qb3 Bc8 35. Rc1 Nb6 36. Rxb6 Rxa3 37. Rxd6 Rxb3 1-0

[Event "Sparkassen-Open A"]
[Site "Heusenstamm, Martinsee"]
[Date "2019.11.21"]
[Round "1.78"]
[White "Rabiya, Karim"]
[Black "Schlößner, Henrik"]
[Result "0-1"]
[WhiteElo "1816"]
[BlackElo "2076"]
[PlyCount "80"]
[EventDate "2019.??.??"]
[WhiteTeam "SK Niederbrechen"]
[BlackTeam "SK Gründau"]

1. e4 c6 2. Nc3 d5 3. Nf3 Bg4 4. Be2 d4 5. Nxd4 e5 6. Nf3 Bxf3 7. Bxf3 Nf6 8.
O-O Nbd7 9. Qe2 Bc5 10. Rd1 Qc7 11. d3 O-O-O 12. a3 Rdg8 13. b4 Bd4 14. Bb2 g5
15. Bg4 h5 16. Bf5 Ng4 17. Rf1 Kd8 18. Nd1 Ndf6 19. c3 Bb6 20. h3 Nh6 21. Ne3
g4 22. h4 g3 23. f3 Nxf5 24. exf5 Nd5 25. d4 Qe7 26. Rfe1 Qxh4 27. Nf1 exd4 28.
cxd4 Re8 29. Qd2 Bc7 30. Rxe8+ Rxe8 31. Re1 Bf4 32. Rxe8+ Kxe8 33. Qe1+ Qe7 34.
Qe4 h4 35. b5 Kd7 36. bxc6+ bxc6 37. a4 Qb4 38. Qc2 Qe1 39. Qc4 Qf2+ 40. Kh1 h3
0-1

[Event "Sparkassen-Open A"]
[Site "Heusenstamm, Martinsee"]
[Date "2019.11.21"]
[Round "1.79"]
[White "Nickel, Rüdiger"]
[Black "Emig, Nils"]
[Result "1-0"]
[WhiteElo "2075"]
[BlackElo "1815"]
[PlyCount "131"]
[EventDate "2019.??.??"]
[WhiteTeam "SK Dinkelsbühl"]
[BlackTeam "SK Marburg"]

1. e4 c5 2. Nf3 e6 3. d4 cxd4 4. Nxd4 Nc6 5. Nc3 Qc7 6. Be3 a6 7. Qf3 Nf6 8.
Qg3 Qxg3 9. hxg3 Bb4 10. Bd3 Ng4 11. Nxc6 bxc6 12. Bd2 Bc5 13. Nd1 Ne5 14. Be2
Ng6 15. Rh5 Bd4 16. Bb4 d5 17. Bc3 Bxc3+ 18. Nxc3 Ke7 19. O-O-O a5 20. b3 Ba6
21. Bf3 h6 22. exd5 cxd5 23. Re1 Kf8 24. Kb2 Ne7 25. Rh4 g5 26. Ra4 Bb7 27. g4
Kg7 28. Ne2 Bc6 29. Rd4 e5 30. Rdd1 e4 31. Nd4 Bd7 32. a4 Rhb8 33. Ka3 Nc6 34.
Be2 Nxd4 35. Rxd4 Bc6 36. Red1 Kg6 37. c4 dxc4 38. Rd6+ Kg7 39. Rxc6 Rxb3+ 40.
Ka2 Rab8 41. Bxc4 Rb2+ 42. Ka3 Rxf2 43. Rc7 e3 44. Rdd7 Rf8 45. Bd5 e2 46. Re7
Rd8 47. Bc4 Rd2 48. Rxf7+ Rxf7 49. Rxf7+ Kg6 50. Re7 e1=Q 51. Rxe1 Rxg2 52.
Re6+ Kg7 53. Be2 Kf7 54. Re3 Rg1 55. Kb2 Kf6 56. Re4 Rg3 57. Bd1 Rg1 58. Bb3
Rg3 59. Kc2 Rh3 60. Re6+ Kg7 61. Ra6 h5 62. Rxa5 Kf6 63. Rf5+ Kg6 64. Bf7+ Kg7
65. Bxh5 Rh2+ 66. Kb3 1-0

[Event "Sparkassen-Open A"]
[Site "Heusenstamm, Martinsee"]
[Date "2019.11.21"]
[Round "1.80"]
[White "Schellenberger, Dirk"]
[Black "Foermes, Alexander"]
[Result "1-0"]
[WhiteElo "1659"]
[BlackElo "2074"]
[PlyCount "127"]
[EventDate "2019.??.??"]
[WhiteTeam "Aschaffenburg-Schweinheim"]
[BlackTeam "SK Marburg"]

1. c4 c6 2. Nc3 d5 3. e3 Nf6 4. Nf3 e6 5. b3 Nbd7 6. Bb2 Bd6 7. Qc2 O-O 8. Be2
Re8 9. d3 e5 10. O-O a6 11. a4 Qe7 12. h3 e4 13. dxe4 dxe4 14. Nd2 Qe5 15. g3
Qe7 16. Kg2 a5 17. Rad1 Nc5 18. Rh1 Bf5 19. Ba3 Rad8 20. g4 Bg6 21. Nf1 h5 22.
Bxc5 Bxc5 23. Ng3 hxg4 24. hxg4 Rxd1 25. Rxd1 Qe6 26. Kh3 Kf8 27. Rh1 Ke7 28.
Kg2 Nxg4 29. Rh4 Nf6 30. Bd1 Kd8 31. Nce2 Qe5 32. Qd2+ Qd6 33. Qxa5+ Kd7 34.
Bc2 Bb4 35. Qb6 Kc8 36. Nf4 Bc5 37. Qa5 Bb4 38. Qb6 Bc5 39. Qa5 Bb4 40. Qa8+
Kc7 41. Qa7 Qd2 42. Nxg6 Qxc2 43. a5 Nd7 44. a6 Rb8 45. Rh8 Bc5 46. Rxb8 Bxa7
47. Rxb7+ Kd8 48. Rxa7 fxg6 49. Rb7 Qa2 50. Nxe4 Qxa6 51. Rxd7+ Ke8 52. Rxg7 c5
53. Rc7 Qe6 54. f3 Qe5 55. Rxc5 Qb2+ 56. Kg3 Qxb3 57. Rc6 Qxe3 58. Re6+ Kf8 59.
c5 Qg1+ 60. Kf4 Qc1+ 61. Ke5 Qb2+ 62. Kd5 Qb3+ 63. Kd6 Qxf3 64. Rf6+ 1-0

[Event "Sparkassen-Open A"]
[Site "Heusenstamm, Martinsee"]
[Date "2019.11.21"]
[Round "1.81"]
[White "Gallasch, Robin"]
[Black "Terwagne, Bertrand"]
[Result "0-1"]
[WhiteElo "2072"]
[BlackElo "1809"]
[PlyCount "120"]
[EventDate "2019.??.??"]
[WhiteTeam "SG Porz"]
[BlackTeam "CRELEL"]

1. d4 Nf6 2. c4 e6 3. Nf3 d5 4. Nc3 c5 5. cxd5 Nxd5 6. e4 Nxc3 7. bxc3 cxd4 8.
cxd4 Bb4+ 9. Bd2 Bxd2+ 10. Qxd2 Nd7 11. Bd3 O-O 12. O-O b6 13. e5 Bb7 14. Ng5
g6 15. f4 Qe7 16. f5 exf5 17. Bc4 Nxe5 18. dxe5 Qc5+ 19. Kh1 Qxc4 20. e6 f6 21.
Nxh7 Bxg2+ 22. Qxg2 Kxh7 23. Rae1 Rac8 24. Rg1 Qc6 25. Qxc6 Rxc6 26. Rd1 Rxe6
27. Rd7+ Kh6 28. Rxa7 Rfe8 29. Rb7 Ra8 30. Rb1 Rxa2 31. R7xb6 Rxb6 32. Rxb6 Kg5
33. Rb5 Re2 34. Kg1 Ra2 35. Rc5 Ra6 36. Kg2 Kg4 37. h3+ Kf4 38. Rc4+ Kg5 39.
Rc3 Ra2+ 40. Kf3 Rh2 41. Kg3 Rb2 42. Rc5 Rb3+ 43. Kg2 Re3 44. Ra5 Re5 45. Ra6
f4 46. Rb6 Re3 47. Rb5+ f5 48. Rb6 Rg3+ 49. Kh2 Kh4 50. Kh1 Kxh3 51. Rxg6 Kh4
52. Rf6 Kg5 53. Ra6 f3 54. Ra2 Kg4 55. Kh2 Rh3+ 56. Kg1 Kg3 57. Ra3 Rh7 58. Rb3
Ra7 59. Rb1 Ra2 60. Rc1 Rg2+ 0-1

[Event "Sparkassen-Open A"]
[Site "Heusenstamm, Martinsee"]
[Date "2019.11.21"]
[Round "1.82"]
[White "Atasoy, Tarik"]
[Black "Gebhardt, Ulrich"]
[Result "0-1"]
[WhiteElo "1805"]
[BlackElo "2072"]
[PlyCount "94"]
[EventDate "2019.??.??"]
[WhiteTeam "SV Letmathe"]
[BlackTeam "SK Ettlingen"]

1. e4 e5 2. Nf3 Nc6 3. d4 exd4 4. Nxd4 Nf6 5. Nxc6 bxc6 6. Bd3 d5 7. exd5 cxd5
8. O-O Be7 9. Nc3 O-O 10. Bf4 c5 11. Re1 Bb7 12. Qd2 d4 13. Ne4 Nd5 14. c3 Re8
15. cxd4 cxd4 16. a3 Nxf4 17. Qxf4 Qd5 18. Rac1 Rac8 19. Rxc8 Rxc8 20. Rc1
Rxc1+ 21. Qxc1 Bd6 22. Qg5 Qxg5 23. Nxg5 Bf4 24. Nxh7 f6 25. b3 Bc1 26. a4 Ba3
27. h4 Bd5 28. Bc2 Kh8 29. g4 Bg8 30. Nxf6 gxf6 31. Kf1 d3 32. Bxd3 Bxb3 33. a5
Kg7 34. Ke2 Bd6 35. Ke3 Bd1 36. f3 Kh6 37. Be4 Bg3 38. h5 Kg5 39. Kd2 Ba4 40.
Ke3 Bb5 41. Bb7 a6 42. Bc8 Bc7 43. Ke4 Bxa5 44. f4+ Kh6 45. Kf5 Bd8 46. Bb7 a5
47. Bd5 Bd7+ 0-1

[Event "Sparkassen-Open A"]
[Site "Heusenstamm, Martinsee"]
[Date "2019.11.21"]
[Round "1.83"]
[White "Boder, Jan"]
[Black "Welsch, Roland"]
[Result "1-0"]
[WhiteElo "2067"]
[BlackElo "1802"]
[PlyCount "67"]
[EventDate "2019.??.??"]
[WhiteTeam "SC ML Kastellaun"]
[BlackTeam "SV Multatuli Ingelheim e.V."]

1. b3 e5 2. Bb2 Nc6 3. e3 Nf6 4. Bb5 d6 5. Ne2 a6 6. Bxc6+ bxc6 7. O-O Be7 8.
d3 O-O 9. f4 e4 10. Ng3 Nd5 11. Qc1 Bf6 12. Bxf6 Qxf6 13. Na3 exd3 14. cxd3 Bd7
15. Nc4 Rfe8 16. Kh1 Qc3 17. Qxc3 Nxc3 18. e4 f6 19. Rfc1 Nb5 20. b4 Nd4 21.
Na5 Rab8 22. Rc4 Ne6 23. Nxc6 Bxc6 24. Rxc6 Nxf4 25. Rxc7 Rxb4 26. Nf5 g6 27.
Nh6+ Kh8 28. h3 Rb2 29. Rf1 Nh5 30. Kh2 Re5 31. Nf7+ Kg8 32. Nxe5 dxe5 33. Rfc1
Rxa2 34. Ra7 1-0

[Event "Sparkassen-Open A"]
[Site "Heusenstamm, Martinsee"]
[Date "2019.11.21"]
[Round "1.84"]
[White "Michels, Holger"]
[Black "Heß, Steffen"]
[Result "0-1"]
[WhiteElo "1798"]
[BlackElo "2028"]
[PlyCount "56"]
[EventDate "2019.??.??"]
[WhiteTeam "SC ML Kastellaun"]
[BlackTeam "SC Groß-Zimmern"]

1. c4 g6 2. g3 Bg7 3. Bg2 Nf6 4. e4 d6 5. Nc3 O-O 6. Nge2 c5 7. d3 Nc6 8. O-O
Rb8 9. Rb1 a6 10. a3 b5 11. cxb5 axb5 12. b4 cxb4 13. axb4 Ne8 14. Be3 Nc7 15.
d4 Bd7 16. f4 Na6 17. Na2 Bg4 18. e5 dxe5 19. Bxc6 exd4 20. Bxd4 Bxd4+ 21. Qxd4
Bxe2 22. Qxd8 Rfxd8 23. Rfe1 Bc4 24. Nc3 Rb6 25. Bf3 Rd3 26. Rxe7 Rxc3 27. Bb7
Kf8 28. Rbe1 Be6 0-1

[Event "Sparkassen-Open A"]
[Site "Heusenstamm, Martinsee"]
[Date "2019.11.21"]
[Round "1.85"]
[White "Laux, Dominik"]
[Black "Schmitt, Clemens"]
[Result "1-0"]
[WhiteElo "2066"]
[BlackElo "1796"]
[PlyCount "57"]
[EventDate "2019.??.??"]
[WhiteTeam "VSG Offenbach"]
[BlackTeam "SV Bergwinkel"]

1. d4 Nf6 2. Bg5 e6 3. Nd2 d5 4. e3 Be7 5. Bd3 Nbd7 6. f4 a6 7. Ngf3 c5 8. c3
b5 9. Ne5 Bb7 10. Qf3 Nxe5 11. fxe5 Nd7 12. O-O O-O 13. Qh3 g6 14. Bh6 Re8 15.
Rf4 f5 16. exf6 Bxf6 17. Raf1 e5 18. Rxf6 Nxf6 19. Bg5 Qc8 20. Bf5 gxf5 21.
Bxf6 f4 22. Qh4 cxd4 23. exd4 Qf5 24. Bxe5 Rxe5 25. dxe5 Qxe5 26. Re1 Qf5 27.
Qe7 Bc6 28. Re5 Qf7 29. Rg5+ 1-0

[Event "Sparkassen-Open A"]
[Site "Heusenstamm, Martinsee"]
[Date "2019.11.21"]
[Round "1.86"]
[White "Füssel, Jan Michael"]
[Black "Olesiak, Marcin"]
[Result "0-1"]
[WhiteElo "1792"]
[BlackElo "2021"]
[PlyCount "54"]
[EventDate "2019.??.??"]
[WhiteTeam "VSG Offenbach"]
[BlackTeam "SV Oberursel"]

1. b3 c5 2. Bb2 b6 3. Nf3 Bb7 4. e3 e6 5. c4 Nf6 6. Be2 Be7 7. O-O d6 8. d4
cxd4 9. Nxd4 a6 10. Bf3 Qc7 11. Nd2 Nbd7 12. Rc1 O-O 13. Qc2 Ne5 14. Bxb7 Qxb7
15. e4 Rac8 16. Qb1 b5 17. cxb5 axb5 18. f4 Nc6 19. Rxc6 Rxc6 20. Nxc6 Qxc6 21.
Qd3 Rc8 22. Rc1 Qb6+ 23. Kf1 Rxc1+ 24. Bxc1 Ng4 25. Qe2 Nxh2+ 26. Ke1 Qg1+ 27.
Nf1 Bh4+ 0-1

[Event "Sparkassen-Open A"]
[Site "Heusenstamm, Martinsee"]
[Date "2019.11.21"]
[Round "1.87"]
[White "Minor, Viatcheslav"]
[Black "Yue, Qizhou"]
[Result "1-0"]
[WhiteElo "2060"]
[BlackElo "1792"]
[PlyCount "83"]
[EventDate "2019.??.??"]
[WhiteTeam "SV Eisenach"]
[BlackTeam "SV Multatuli Ingelheim e.V."]

1. e4 c5 2. c3 d5 3. exd5 Qxd5 4. d4 e6 5. Nf3 Nf6 6. Be3 cxd4 7. cxd4 Bd7 8.
Nc3 Bb4 9. Bd3 O-O 10. O-O Bxc3 11. bxc3 Bb5 12. Bxb5 Qxb5 13. Rb1 Qd5 14. Qb3
Qxb3 15. axb3 Nc6 16. c4 a5 17. Rfd1 h6 18. Ne5 Rfd8 19. f3 Rd6 20. Ra1 b6 21.
Kf2 Nb4 22. Rd2 Rad8 23. Ke2 Nc6 24. Nxc6 Rxc6 25. Bf4 Kf8 26. g4 g5 27. Be5
Ke7 28. Rad1 a4 29. Bxf6+ Kxf6 30. d5 exd5 31. cxd5 Rcd6 32. bxa4 Ke5 33. Rb1
Rxd5 34. Rxd5+ Rxd5 35. Rxb6 Kd4 36. Rxh6 Ra5 37. Rd6+ Ke5 38. Rd7 Ke6 39. Rd4
f5 40. gxf5+ Kxf5 41. Rb4 Rd5 42. Ke3 1-0

[Event "Sparkassen-Open A"]
[Site "Heusenstamm, Martinsee"]
[Date "2019.11.21"]
[Round "1.88"]
[White "Kirchmann, Sascha"]
[Black "Kagan, Dennis"]
[Result "0-1"]
[WhiteElo "1708"]
[BlackElo "2055"]
[PlyCount "102"]
[EventDate "2019.??.??"]
[WhiteTeam "SC Obertshausen"]
[BlackTeam "SG Porz"]

1. e4 c5 2. Nf3 d6 3. c3 Nf6 4. Bd3 Nbd7 5. Bc2 b6 6. O-O Bb7 7. Re1 e5 8. d4
cxd4 9. cxd4 Be7 10. Nc3 O-O 11. Bg5 Rc8 12. Rc1 Re8 13. Qd2 h6 14. Bh4 a6 15.
Bg3 Bf8 16. d5 b5 17. a3 Qa5 18. Na2 Qb6 19. Bd3 Nc5 20. Bc2 Nh7 21. b4 Nd7 22.
Bb3 g6 23. Qd3 Be7 24. Bh4 Ndf6 25. Nc3 Rf8 26. h3 g5 27. Bg3 Nh5 28. Bh2 Nf4
29. Bxf4 gxf4 30. Ne2 Kh8 31. g3 Rg8 32. Kf1 Rxc1 33. Rxc1 Bc8 34. gxf4 Bxh3+
35. Ke1 Rg2 36. Qe3 Qxe3 37. fxe3 Bg4 38. Neg1 exf4 39. exf4 Bxf3 40. Nxf3 Rg4
41. Ke2 Rxf4 42. Ke3 Bg5 43. Nxg5 hxg5 44. e5 dxe5 45. d6 Rd4 46. Rc6 Kg7 47.
Rxa6 g4 48. Rb6 g3 49. d7 g2 50. Kf2 Rd2+ 51. Kg1 Ng5 0-1

[Event "Sparkassen-Open A"]
[Site "Heusenstamm, Martinsee"]
[Date "2019.11.21"]
[Round "1.89"]
[White "Ochs, Daniel Elias"]
[Black "Wachsmann, Elmar"]
[Result "1-0"]
[WhiteElo "2055"]
[BlackElo "1777"]
[PlyCount "65"]
[EventDate "2019.??.??"]
[WhiteTeam "Wiesbadener SV"]
[BlackTeam "SC Groß-Umstadt"]

1. d4 d5 2. c4 e6 3. Nf3 Nf6 4. e3 c5 5. a3 cxd4 6. exd4 Be7 7. Nc3 O-O 8. Bd3
a6 9. c5 b6 10. b4 bxc5 11. bxc5 Qc7 12. O-O Nc6 13. Re1 Bb7 14. Bg5 Rfd8 15.
Rb1 Na5 16. Ne5 Nc4 17. Qb3 Ra7 18. Bxc4 dxc4 19. Qxc4 Nd5 20. Bxe7 Qxe7 21. c6
Ba8 22. Nxd5 exd5 23. Qa4 Qd6 24. Rec1 Rc8 25. Rc5 Rac7 26. Qxa6 f6 27. Nd3 Kf7
28. Nb4 Qe6 29. h3 Qe4 30. Rbc1 Qxd4 31. Nxd5 Rxc6 32. Rxc6 Qxd5 33. Qxc8 1-0

[Event "Sparkassen-Open A"]
[Site "Heusenstamm, Martinsee"]
[Date "2019.11.21"]
[Round "1.90"]
[White "Midanka, Vladimir Josef"]
[Black "Harringer, Manfred"]
[Result "0-1"]
[WhiteElo "1775"]
[BlackElo "2043"]
[PlyCount "100"]
[EventDate "2019.??.??"]
[WhiteTeam "SC Brett vorm Kopp"]
[BlackTeam "Bergische SF"]

1. e4 e5 2. Nf3 Nc6 3. Bb5 a6 4. Ba4 Nf6 5. d3 d6 6. h3 Bd7 7. c3 Be7 8. Nbd2
O-O 9. Nf1 b5 10. Bc2 d5 11. Ne3 Be6 12. O-O h6 13. Nf5 dxe4 14. Nxe7+ Qxe7 15.
dxe4 Rfd8 16. Qe2 Bc4 17. Qe3 Bxf1 18. Kxf1 Nd7 19. g4 Nc5 20. b3 Ne6 21. Qe1
Qf6 22. Kg2 Nf4+ 23. Bxf4 Qxf4 24. Qe2 Rd6 25. Qe3 Qxe3 26. fxe3 Rad8 27. Rc1
b4 28. c4 a5 29. Kf2 g6 30. Ke2 f6 31. Rd1 Rxd1 32. Bxd1 Kf7 33. Bc2 Nb8 34.
Ne1 Nd7 35. Nd3 Rh8 36. Kf3 h5 37. Kg3 hxg4 38. Kxg4 Ke6 39. Ne1 Nc5 40. Nf3
Rd8 41. h4 Nd3 42. h5 gxh5+ 43. Kxh5 Nc1 44. Kg6 Rg8+ 45. Kh5 Rg2 46. Bd1 Rxa2
47. Nh4 Ne2 48. Ng6 Rd2 49. Nf8+ Ke7 50. Ng6+ Kf7 0-1

[Event "Sparkassen-Open A"]
[Site "Heusenstamm, Martinsee"]
[Date "2019.11.21"]
[Round "1.91"]
[White "Mährlein, Christoph"]
[Black "Tojcic, Josip"]
[Result "1-0"]
[WhiteElo "2053"]
[BlackElo "1773"]
[PlyCount "57"]
[EventDate "2019.??.??"]
[WhiteTeam "SC Pforzheim"]
[BlackTeam "Niederräder TG"]

1. c4 d5 2. cxd5 Nf6 3. Qa4+ Qd7 4. Qxd7+ Nbxd7 5. Nc3 Nb6 6. e4 g6 7. f3 a6 8.
d4 Bg7 9. Bf4 Nfd7 10. O-O-O c6 11. dxc6 bxc6 12. Be3 O-O 13. Bd3 Rb8 14. Nge2
e5 15. b3 exd4 16. Bxd4 Bh6+ 17. f4 Rd8 18. Kc2 c5 19. Bf2 Bb7 20. Rhg1 Rbc8
21. Bc4 Nxc4 22. bxc4 Bf8 23. Bh4 f6 24. e5 Be7 25. Nd5 Kf7 26. Nec3 Bc6 27.
e6+ Kxe6 28. Rge1+ Ne5 29. fxe5 1-0

[Event "Sparkassen-Open A"]
[Site "Heusenstamm, Martinsee"]
[Date "2019.11.21"]
[Round "1.92"]
[White "Nickel, Jonas"]
[Black "Mueller, Thorsten"]
[Result "0-1"]
[WhiteElo "1765"]
[BlackElo "2053"]
[PlyCount "126"]
[EventDate "2019.??.??"]
[WhiteTeam "SV Büdingen-Ortenberg"]
[BlackTeam "VSG Offenbach"]

1. e4 e6 2. d3 d5 3. Nd2 Nf6 4. Ngf3 Be7 5. g3 c5 6. Bg2 Nc6 7. O-O O-O 8. Re1
b5 9. e5 Nd7 10. Nf1 f6 11. exf6 Nxf6 12. Bf4 Bd6 13. Qd2 Bxf4 14. Qxf4 Ne4 15.
Qe3 Rxf3 16. Bxf3 Ng5 17. Bg2 Nd4 18. h4 Nf7 19. Rac1 Qd6 20. c4 Nf5 21. Qe2
bxc4 22. dxc4 Nd4 23. Qe3 Nf5 24. Qd2 Bb7 25. Ne3 Nd4 26. b4 Ne5 27. Qd1 Rf8
28. bxc5 Qxc5 29. cxd5 Qb4 30. a3 Qxe1+ 31. Qxe1 Nef3+ 32. Kf1 Ba6+ 33. Nc4
Nh2+ 34. Kg1 Ndf3+ 35. Kh1 Nxe1 36. Rxe1 Bxc4 37. Kxh2 exd5 38. Rd1 Rxf2 39.
Kg1 Ra2 40. Bxd5+ Bxd5 41. Rxd5 Rxa3 42. Kg2 Kf7 43. Re5 Kf6 44. Re4 h5 45. g4
hxg4 46. Rxg4 g6 47. Rg5 Ra1 48. Rc5 a5 49. h5 gxh5 50. Rxh5 a4 51. Ra5 a3 52.
Kf2 Ke6 53. Kg2 Kd6 54. Kf2 Kc6 55. Kg2 Kb6 56. Ra8 Kb5 57. Kf2 Kb4 58. Rb8+
Kc3 59. Kg2 Rc1 60. Ra8 Kb2 61. Kf2 Rc3 62. Ke2 a2 63. Kd2 Rb3 0-1

[Event "Sparkassen-Open A"]
[Site "Heusenstamm, Martinsee"]
[Date "2019.11.21"]
[Round "1.93"]
[White "Stümer, Paul"]
[Black "Biot, Thomas"]
[Result "1-0"]
[WhiteElo "2050"]
[BlackElo "1763"]
[PlyCount "61"]
[EventDate "2019.??.??"]
[WhiteTeam "SV Bergneustadt/Derschlag"]
[BlackTeam "CRELEL"]

1. Nf3 Nc6 2. d4 d5 3. e3 g6 4. c4 Nf6 5. Nc3 e6 6. Be2 Bg7 7. O-O O-O 8. b3
Re8 9. Bb2 Ne7 10. Rc1 c6 11. Ne5 Nd7 12. f4 Nxe5 13. dxe5 Qb6 14. Na4 Qd8 15.
g4 b6 16. Rc2 Bb7 17. Rd2 Qc7 18. Qc2 dxc4 19. bxc4 Red8 20. Rfd1 c5 21. Nc3
Rxd2 22. Qxd2 Qc6 23. e4 a6 24. Qd7 Kf8 25. Qd6 Ke8 26. Rd2 f6 27. Bd1 b5 28.
cxb5 axb5 29. Be2 c4 30. Ba3 Nc8 31. Qd8+ 1-0

[Event "Sparkassen-Open A"]
[Site "Heusenstamm, Martinsee"]
[Date "2019.11.21"]
[Round "1.94"]
[White "Markosyan, Aleksandr"]
[Black "Calvi, Stefan"]
[Result "1/2-1/2"]
[WhiteElo "1759"]
[BlackElo "2049"]
[PlyCount "96"]
[EventDate "2019.??.??"]
[WhiteTeam "SG Idstein"]
[BlackTeam "SF Frankfurt"]

1. e4 c5 2. Nc3 Nc6 3. f4 g6 4. Nf3 Bg7 5. Bb5 Nd4 6. O-O a6 7. Be2 e6 8. e5 d5
9. exd6 Qxd6 10. d3 Ne7 11. Ne4 Qc7 12. c3 Nxe2+ 13. Qxe2 O-O 14. Qf2 b6 15.
Qh4 Nf5 16. Nf6+ Bxf6 17. Qxf6 Qd8 18. Qxd8 Rxd8 19. g4 Ne7 20. d4 cxd4 21.
Nxd4 Bb7 22. f5 e5 23. fxg6 hxg6 24. Nf3 Nc6 25. Bg5 Re8 26. Bf6 e4 27. Ng5 Ne5
28. Bxe5 Rxe5 29. Nxf7 Re7 30. Nd6 Bd5 31. c4 Rd8 32. Rf6 Kg7 33. Raf1 Re6 34.
Nxe4 Bxc4 35. R1f4 Rd1+ 36. Kf2 Rxe4 37. Rxe4 Kxf6 38. Rxc4 Rd2+ 39. Kg3 Rxb2
40. a4 g5 41. Rc3 a5 42. h4 gxh4+ 43. Kxh4 Rh2+ 44. Kg3 Rb2 45. Kh4 Rh2+ 46.
Rh3 Ra2 47. Rb3 Rxa4 48. Rxb6+ Kg7 1/2-1/2

[Event "Sparkassen-Open A"]
[Site "Heusenstamm, Martinsee"]
[Date "2019.11.21"]
[Round "1.95"]
[White "Schröder, Jürgen"]
[Black "Hoppstädter, Daniel"]
[Result "1-0"]
[WhiteElo "2041"]
[BlackElo "1757"]
[PlyCount "99"]
[EventDate "2019.??.??"]
[WhiteTeam "SC Matt im Park"]
[BlackTeam "SC Illingen"]

1. e4 c5 2. Be2 Nc6 3. d3 g6 4. f4 Bg7 5. Nf3 e6 6. O-O Nge7 7. c3 O-O 8. Na3
b6 9. Nb5 d6 10. d4 cxd4 11. Nbxd4 Nxd4 12. Nxd4 Bb7 13. f5 exf5 14. exf5 Bxd4+
15. Qxd4 Nxf5 16. Rxf5 gxf5 17. Bh6 f6 18. Bxf8 Qxf8 19. Bd3 Re8 20. Bxf5 Re5
21. Rf1 Qg7 22. g3 Qc7 23. Bd3 Qc6 24. Qc4+ Qxc4 25. Bxc4+ Kg7 26. Rd1 d5 27.
Bd3 f5 28. Kf2 Kf6 29. Be2 Bc6 30. Bf3 Ke6 31. Rd4 Kd6 32. Rh4 Re7 33. Rh6+ Kc7
34. Rf6 Bd7 35. Bxd5 Re5 36. c4 Be8 37. Be6 Bg6 38. Bf7 Re4 39. b3 Rd4 40. Ke3
Re4+ 41. Kf3 Rd4 42. Bxg6 hxg6 43. Rxg6 Rd2 44. h4 Rxa2 45. Re6 Rb2 46. Re3 Kd6
47. Kf4 Rf2+ 48. Rf3 Rxf3+ 49. Kxf3 Ke5 50. Ke3 1-0

[Event "Sparkassen-Open A"]
[Site "Heusenstamm, Martinsee"]
[Date "2019.11.21"]
[Round "1.96"]
[White "Steinke, Hans-Jörg"]
[Black "Agnello, Francesco Claudio"]
[Result "0-1"]
[WhiteElo "1753"]
[BlackElo "2040"]
[PlyCount "56"]
[EventDate "2019.??.??"]
[WhiteTeam "SV Datteln"]
[BlackTeam "vereinslos/Leipzig"]

1. d4 d5 2. c4 e6 3. Nc3 Nf6 4. Bg5 c6 5. e3 Nbd7 6. Nf3 Qa5 7. Nd2 dxc4 8.
Bxf6 Nxf6 9. Nxc4 Qc7 10. Bd3 Nd5 11. Rc1 Nxc3 12. bxc3 b6 13. O-O Bb7 14. Qg4
h5 15. Qg3 Qxg3 16. hxg3 Be7 17. Be2 g6 18. Rfe1 c5 19. Bf3 Bxf3 20. gxf3 O-O
21. f4 Rfd8 22. Ne5 Rac8 23. Nf3 Rc7 24. Kf1 Rdc8 25. Rb1 cxd4 26. cxd4 Rc2 27.
Re2 Rxe2 28. Kxe2 Rc2+ 0-1

[Event "Sparkassen-Open A"]
[Site "Heusenstamm, Martinsee"]
[Date "2019.11.21"]
[Round "1.97"]
[White "Schmidbauer, Frank"]
[Black "Westhof, Benedikt"]
[Result "1-0"]
[WhiteElo "2040"]
[BlackElo "1753"]
[PlyCount "77"]
[EventDate "2019.??.??"]
[WhiteTeam "SV Wollishofen Zürich"]
[BlackTeam "SC Heusenstamm"]

1. Nf3 d5 2. g3 Nf6 3. Bg2 c5 4. O-O Nc6 5. d4 e6 6. c4 dxc4 7. Ne5 Nxe5 8.
dxe5 Qxd1 9. Rxd1 Nd5 10. Na3 Bd7 11. Nxc4 O-O-O 12. Bg5 f6 13. exf6 gxf6 14.
Bxd5 fxg5 15. Be4 Bb5 16. Rxd8+ Kxd8 17. Ne5 Kc7 18. e3 Be7 19. Rc1 a5 20. f4
b6 21. Nf7 Rg8 22. Nxg5 Bxg5 23. fxg5 Rxg5 24. Bxh7 Kd6 25. Rd1+ Ke7 26. Bc2
Bc4 27. b3 Ba6 28. Kf2 b5 29. h4 Rh5 30. Bg6 Rh8 31. e4 c4 32. bxc4 bxc4 33. e5
Rb8 34. Rb1 Rd8 35. Rb6 Bc8 36. Rc6 Kf8 37. Ke3 Kg7 38. Be4 Bb7 39. Rc7+ 1-0

[Event "Sparkassen-Open A"]
[Site "Heusenstamm, Martinsee"]
[Date "2019.11.21"]
[Round "1.98"]
[White "Wirth, Wolfram"]
[Black "Steudel, Max"]
[Result "0-1"]
[WhiteElo "1747"]
[BlackElo "1912"]
[PlyCount "76"]
[EventDate "2019.??.??"]
[WhiteTeam "SK Gau-Algesheim"]
[BlackTeam "SC Brett vorm Kopp"]

1. e4 d5 2. exd5 Qxd5 3. Nc3 Qa5 4. d4 c6 5. Nf3 Bf5 6. Bc4 e6 7. Bd2 Nf6 8.
Qe2 Bb4 9. O-O-O Nbd7 10. a3 Bxc3 11. Bxc3 Qc7 12. Ne5 O-O 13. g4 Be4 14. g5
Nxe5 15. gxf6 Nxc4 16. Qxe4 Nd6 17. Qg4 g6 18. Bb4 Rfd8 19. Qf4 Rac8 20. Qh6
Nf5 21. Qg5 Rxd4 22. Rxd4 Nxd4 23. h4 Rd8 24. h5 Qf4+ 25. Qxf4 Ne2+ 26. Kb1
Nxf4 27. hxg6 hxg6 28. Rh4 Nd5 29. Bc3 Nxc3+ 30. bxc3 g5 31. Rg4 Rd5 32. f4 Kh7
33. Kb2 Kg6 34. c4 Rd4 35. Kc3 Rxf4 36. Rxf4 gxf4 37. Kd4 Kxf6 38. Ke4 e5 0-1

[Event "Sparkassen-Open A"]
[Site "Heusenstamm, Martinsee"]
[Date "2019.11.21"]
[Round "1.99"]
[White "Kirchner, Markus"]
[Black "Rüll, Michael"]
[Result "1-0"]
[WhiteElo "2038"]
[BlackElo "1742"]
[PlyCount "81"]
[EventDate "2019.??.??"]
[WhiteTeam "SF Schöneck"]
[BlackTeam "SC Obertshausen"]

1. e4 c5 2. Nf3 Nc6 3. d4 cxd4 4. Nxd4 e5 5. Nb5 d6 6. N1c3 a6 7. Na3 b5 8. Nd5
Nge7 9. Bg5 f6 10. Be3 Nxd5 11. Qxd5 Bb7 12. Rd1 Qd7 13. Qd2 d5 14. Qxd5 Qxd5
15. exd5 Nb4 16. c4 Nxa2 17. c5 Rd8 18. c6 Bc8 19. Nc2 Bb4+ 20. Bd2 Bc5 21. Ba5
Rd6 22. Bc7 Ke7 23. Bxd6+ Kxd6 24. Be2 Nb4 25. Nxb4 Bxb4+ 26. Kf1 Rd8 27. h4
Ba5 28. g3 Kc5 29. Bf3 f5 30. Rc1+ Kd6 31. Kg2 e4 32. Bd1 Bd2 33. Rc2 Ba5 34.
Be2 Kxd5 35. b4 Bc7 36. Rd1+ Ke5 37. Rc5+ Kf6 38. Rxd8 Bxd8 39. c7 Be7 40. Rd5
Bxb4 41. Rd8 1-0